[Event "1617LLO"]
[Site "Mecklenburg-Vorpommern"]
[Date "2017.04.02"]
[Round "8.8"]
[White "Schroeter, Reinhard"]
[Black "Ernst, Mathias"]
[Result "1/2-1/2"]
[WhiteElo "1549"]
[BlackElo "1687"]
[PlyCount "84"]
[EventDate "2016.11.06"]
[EventType "team-tourn"]
[EventRounds "9"]
[SourceDate "2016.10.16"]
[WhiteTeam "SSC Graal-Mueritz"]
[BlackTeam "HSG Uni Rostock"]

1. d4 Nf6 2. c4 g6 3. Nc3 Bg7 4. e4 d6 5. Nf3 O-O 6. h3 c6 7. Bd3 Nbd7 8. Be3
Qc7 9. Qd2 a6 10. O-O e5 11. d5 Ne8 12. g4 Qd8 13. Bg5 f6 14. Be3 Rf7 15. Ne2
Nf8 16. Kg2 Bd7 17. Ng3 Qc8 18. Nh2 h5 19. f3 h4 20. Ne2 g5 21. Bb6 Ng6 22.
Rfc1 Bf8 23. Nf1 Be7 24. b4 Bd8 25. Bf2 Kg7 26. Rab1 a5 27. bxa5 Bxa5 28. Qb2
c5 29. Ne3 Bd8 30. Rc3 b6 31. Ra3 Ba4 32. Rxa4 Rxa4 33. Qb5 Qd7 34. Qb3 Rb4 35.
Qc2 Qa4 36. Qd2 Rxb1 37. Bxb1 Rb7 38. Nc3 Qb4 39. Be1 Nf4+ 40. Kh2 Kf7 41. Qc1
Qa3 42. Qd2 Nc7 1/2-1/2

[Event "1617LLO"]
[Site "Mecklenburg-Vorpommern"]
[Date "2017.04.23"]
[Round "9.1"]
[White "Burwitz, Joerg"]
[Black "Moeller, Peter"]
[Result "0-1"]
[WhiteElo "1753"]
[BlackElo "1962"]
[PlyCount "104"]
[EventDate "2016.11.06"]
[EventType "team-tourn"]
[EventRounds "9"]
[SourceDate "2016.10.16"]
[WhiteTeam "RUGIA Bergen"]
[BlackTeam "HSG Uni Rostock"]

1. d4 d5 2. Nf3 Bf5 3. g3 e6 4. Bg2 Nf6 5. O-O Nbd7 6. Bg5 h6 7. Bxf6 Nxf6 8.
Nbd2 Be7 9. c4 c6 10. Qb3 Qb6 11. Qxb6 axb6 12. cxd5 exd5 13. a3 O-O 14. Rac1
Bh7 15. Ne5 Ra4 16. e3 Rd8 17. Bf3 Nd7 18. Nxd7 Rxd7 19. Nb3 Kf8 20. Bd1 Ra8
21. Bc2 Bxc2 22. Rxc2 Bd6 23. Rfc1 Rdd8 24. Kf1 Ra4 25. Ke2 Rda8 26. Rd1 b5 27.
Nc5 Bxc5 28. Rxc5 b4 29. axb4 Rxb4 30. Rd2 f5 31. Kf3 Kf7 32. h4 Kf6 33. Rc1
Ra2 34. Rcc2 Ke6 35. Kg2 Rc4 36. Kf3 b5 37. Ke2 g5 38. hxg5 hxg5 39. Kd3 Ra1
40. b3 Ra3 41. Rc3 b4 42. Rxc4 Rxb3+ 43. Rc3 Rxc3+ 44. Ke2 Kd6 45. Rb2 Rc4 46.
Ra2 Kc7 47. Kd2 Kb6 48. Ra8 Kb5 49. Rb8+ Ka4 50. Ra8+ Kb3 51. Rf8 Rc2+ 52. Ke1
Kc3 0-1

[Event "1617LLO"]
[Site "Mecklenburg-Vorpommern"]
[Date "2017.04.23"]
[Round "9.2"]
[White "Hammel, Ralf"]
[Black "Pawlick, Helmut"]
[Result "1/2-1/2"]
[WhiteElo "1928"]
[BlackElo "1830"]
[PlyCount "74"]
[EventDate "2016.11.06"]
[EventType "team-tourn"]
[EventRounds "9"]
[SourceDate "2016.10.16"]
[WhiteTeam "HSG Uni Rostock"]
[BlackTeam "RUGIA Bergen"]

1. e4 e5 2. Nf3 d6 3. d4 Nf6 4. Nc3 Nbd7 5. Bc4 h6 6. O-O c6 7. a4 Be7 8. dxe5
dxe5 9. h3 Qc7 10. Qe2 Nf8 11. Nh4 g5 12. Nf5 Ng6 13. g3 Bd7 14. Rd1 Rh7 15. b3
O-O-O 16. Ba3 Bxa3 17. Rxa3 Bxf5 18. Rxd8+ Qxd8 19. exf5 Ne7 20. Qxe5 Nd7 21.
Qd4 Nb6 22. Qxd8+ Kxd8 23. Bd3 Ned5 24. Nxd5 Nxd5 25. Ra1 f6 26. Re1 Re7 27.
Kf1 Kd7 28. f3 Kd6 29. Be4 Kc5 30. Kf2 a5 31. Rh1 b5 32. axb5 cxb5 33. h4 a4
34. hxg5 hxg5 35. Bxd5 Kxd5 36. bxa4 bxa4 37. Ra1 Ra7 1/2-1/2

[Event "1617LLO"]
[Site "Mecklenburg-Vorpommern"]
[Date "2017.04.23"]
[Round "9.3"]
[White "Pawlowicz, Karsten"]
[Black "Schwetlick, Thomas"]
[Result "0-1"]
[WhiteElo "1631"]
[BlackElo "1830"]
[PlyCount "72"]
[EventDate "2016.11.06"]
[EventType "team-tourn"]
[EventRounds "9"]
[SourceDate "2016.10.16"]
[WhiteTeam "RUGIA Bergen"]
[BlackTeam "HSG Uni Rostock"]

1. e4 e5 2. Nf3 Nc6 3. Nc3 Nf6 4. Bc4 Nxe4 5. Nxe4 d5 6. Bb5 dxe4 7. Bxc6+ bxc6
8. Nxe5 Qg5 9. d4 Qxg2 10. Rf1 Bh3 11. Ke2 Qxf1+ 12. Qxf1 Bxf1+ 13. Kxf1 Bd6
14. Nxc6 Bxh2 15. c4 Kd7 16. d5 Rhe8 17. b4 Be5 18. Rb1 h6 19. a4 g5 20. Be3 f5
21. Bxa7 f4 22. a5 Bg7 23. b5 e3 24. b6 e2+ 25. Kg2 cxb6 26. axb6 e1=Q 27. Rxe1
Rxe1 28. b7 Rae8 29. b8=Q Rxb8 30. Nxb8+ Kc7 31. c5 Kb7 32. Nc6 Rd1 33. Bb6
Rxd5 34. Ne7 Rd1 35. Nf5 Bf8 36. Ba5 Rd5 0-1

[Event "1617LLO"]
[Site "Mecklenburg-Vorpommern"]
[Date "2017.04.23"]
[Round "9.4"]
[White "Ivanov, Sergey V"]
[Black "Scheel, Manfred"]
[Result "1-0"]
[WhiteElo "1735"]
[BlackElo "1676"]
[PlyCount "45"]
[EventDate "2016.11.06"]
[EventType "team-tourn"]
[EventRounds "9"]
[SourceDate "2016.10.16"]
[WhiteTeam "HSG Uni Rostock"]
[BlackTeam "RUGIA Bergen"]

1. c4 Nf6 2. Nc3 e6 3. e4 d5 4. e5 Nfd7 5. d4 dxc4 6. Bxc4 c5 7. d5 exd5 8.
Qxd5 Qe7 9. Nb5 Nxe5 10. Be3 Nxc4 11. Qxc4 Be6 12. Qf4 Na6 13. O-O-O Rd8 14.
Nf3 Bd5 15. Rhe1 Be6 16. Ng5 Qf6 17. Rxd8+ Qxd8 18. Ne4 Qd3 19. Ned6+ Bxd6 20.
Nxd6+ Ke7 21. Rd1 Qg6 22. Nxb7 Nb4 23. Bxc5+ 1-0

[Event "1617LLO"]
[Site "Mecklenburg-Vorpommern"]
[Date "2017.04.23"]
[Round "9.5"]
[White "Behrens, Christoph"]
[Black "Sager, Bernd"]
[Result "1/2-1/2"]
[WhiteElo "1583"]
[BlackElo "1795"]
[PlyCount "58"]
[EventDate "2016.11.06"]
[EventType "team-tourn"]
[EventRounds "9"]
[SourceDate "2016.10.16"]
[WhiteTeam "RUGIA Bergen"]
[BlackTeam "HSG Uni Rostock"]

1. e4 c5 2. Nf3 e6 3. Nc3 a6 4. d4 cxd4 5. Nxd4 Qc7 6. Qf3 Nc6 7. Nxc6 bxc6 8.
Bd3 d5 9. O-O Bd6 10. g3 Ne7 11. Ne2 Ng6 12. exd5 cxd5 13. Bxg6 hxg6 14. Qc3
Bb7 15. Qxc7 Bxc7 16. Re1 Bc6 17. Bf4 Ba5 18. c3 O-O 19. Nd4 Bb7 20. Rad1 Rfe8
21. Rd3 Rac8 22. b4 Bb6 23. Nb3 f6 24. Be3 Bd8 25. Nc5 Bc6 26. Rb1 Bb5 27. Rd2
Kf7 28. a4 Bc4 29. Nb7 Be7 1/2-1/2

[Event "1617LLO"]
[Site "Mecklenburg-Vorpommern"]
[Date "2017.04.23"]
[Round "9.6"]
[White "Schroeder, Christian"]
[Black "Jepp, Wolfgang"]
[Result "1/2-1/2"]
[WhiteElo "1751"]
[BlackElo "1501"]
[PlyCount "56"]
[EventDate "2016.11.06"]
[EventType "team-tourn"]
[EventRounds "9"]
[SourceDate "2016.10.16"]
[WhiteTeam "HSG Uni Rostock"]
[BlackTeam "RUGIA Bergen"]

1. c4 e6 2. Nc3 d5 3. d4 Nf6 4. Bg5 Be7 5. e3 O-O 6. Nf3 Nc6 7. Be2 h6 8. Bh4
dxc4 9. Bxc4 b6 10. O-O Bb7 11. Qe2 Na5 12. Bd3 Nd5 13. Bxe7 Qxe7 14. Rac1 Rac8
15. Nxd5 Bxd5 16. b3 Bb7 17. Rc3 c5 18. Rfc1 cxd4 19. Nxd4 Rxc3 20. Rxc3 Rc8
21. Rxc8+ Bxc8 22. Qc2 Bb7 23. f3 g6 24. Bxg6 Qg5 25. Bxf7+ Kxf7 26. Qh7+ Kf6
27. Qh8+ Kf7 28. Qh7+ Kf6 1/2-1/2

[Event "1617LLO"]
[Site "Mecklenburg-Vorpommern"]
[Date "2017.04.23"]
[Round "9.7"]
[White "Hirsch, Danilo"]
[Black "Hantel, Thomas"]
[Result "1/2-1/2"]
[WhiteElo "1326"]
[BlackElo "1648"]
[PlyCount "43"]
[EventDate "2016.11.06"]
[EventType "team-tourn"]
[EventRounds "9"]
[SourceDate "2016.10.16"]
[WhiteTeam "RUGIA Bergen"]
[BlackTeam "HSG Uni Rostock"]

1. c4 d5 2. e3 e6 3. Nf3 Nf6 4. Nc3 c5 5. d4 Nc6 6. b3 cxd4 7. Nxd4 Bb4 8. Bb2
Ne4 9. Qc2 Nxd4 10. exd4 Qa5 11. Rc1 Qxa2 12. Bd3 Bxc3+ 13. Bxc3 Qxc2 14. Rxc2
Nxc3 15. Rxc3 O-O 16. Kd2 dxc4 17. bxc4 Rd8 18. Ke3 Bd7 19. Rd1 Bc6 20. f3 Rac8
21. Be4 Bxe4 22. fxe4 1/2-1/2

[Event "1617LLO"]
[Site "Mecklenburg-Vorpommern"]
[Date "2017.04.23"]
[Round "9.8"]
[White "Lueth, Jochen"]
[Black "Eckfeld, Tim"]
[Result "1-0"]
[WhiteElo "1579"]
[BlackElo "1260"]
[PlyCount "135"]
[EventDate "2016.11.06"]
[EventType "team-tourn"]
[EventRounds "9"]
[SourceDate "2016.10.16"]
[WhiteTeam "HSG Uni Rostock"]
[BlackTeam "RUGIA Bergen"]

1. e4 e5 2. Nf3 Nc6 3. d4 d5 4. Bb5 Bg4 5. Bxc6+ bxc6 6. dxe5 dxe4 7. Qxd8+
Rxd8 8. Nfd2 e3 9. fxe3 Bc5 10. h3 Bf5 11. e4 Be6 12. b3 Bd4 13. c3 Bxe5 14.
Nf3 Bg3+ 15. Ke2 h6 16. Be3 a6 17. Rd1 Nf6 18. Rxd8+ Kxd8 19. Nbd2 Kc8 20. c4
Bd7 21. Ne1 Re8 22. Kf3 Bd6 23. c5 Be5 24. Rc1 Nh7 25. Nd3 Ng5+ 26. Bxg5 hxg5
27. g4 Bf6 28. Rc4 Kb7 29. Rb4+ Ka7 30. Ra4 g6 31. Nc4 Bg7 32. Nb4 Bd4 33. Nxa6
Kb7 34. Nxc7 Kxc7 35. Ra7+ Kd8 36. b4 Ke7 37. Nb6 Rd8 38. Nc4 Kf6 39. a3 Be6
40. Na5 Rc8 41. Ra6 Bd7 42. Ra7 Ke7 43. Nc4 Rd8 44. e5 f5 45. exf6+ Kxf6 46.
Nd6 Ke6 47. Ne4 Bf6 48. Nd6 Be5 49. Ne4 Bf4 50. Ra6 Rh8 51. Kg2 Rb8 52. Kf3 Bc7
53. Nxg5+ Kd5 54. Ra7 Rc8 55. Ke3 Be8 56. Ne4 Be5 57. g5 Rd8 58. Re7 Bb2 59.
Nf6+ Bxf6 60. gxf6 Ra8 61. Kf4 Kc4 62. f7 Bxf7 63. Rxf7 Rxa3 64. Rf6 Kb5 65. h4
Ra4 66. Rxg6 Rxb4+ 67. Kg5 Kxc5 68. h5 1-0

[Event "1617LLO"]
[Site "Mecklenburg-Vorpommern"]
[Date "2017.04.23"]
[Round "9.2"]
[White "Kilp, Andreas"]
[Black "Van Bentum, Horst"]
[Result "1/2-1/2"]
[WhiteElo "1701"]
[BlackElo "1945"]
[PlyCount "61"]
[EventDate "2016.11.06"]
[EventType "team-tourn"]
[EventRounds "9"]
[SourceDate "2016.10.16"]
[WhiteTeam "SAV Torgelow-Droegeheide II"]
[BlackTeam "SSC Graal-Mueritz"]

1. e4 e5 2. Nf3 Nc6 3. Bc4 Be7 4. Nc3 Nf6 5. a3 d6 6. h3 O-O 7. d3 Be6 8. Nd5
Bxd5 9. exd5 Nb8 10. Bg5 Nbd7 11. Bxf6 Bxf6 12. c3 Bg5 13. Nxg5 Qxg5 14. O-O f5
15. Qe2 f4 16. f3 Nf6 17. Rad1 Nh5 18. Rfe1 Ng3 19. Qf2 Nf5 20. Bb3 Ne3 21. Rd2
Rf6 22. Ree2 Rh6 23. Kh2 Rf8 24. Bc2 Rh4 25. d4 Re8 26. Be4 Rh6 27. b3 Qf6 28.
a4 Rh5 29. Re1 Rg5 30. Rg1 Rg3 31. Qe2 1/2-1/2

[Event "1617LLO"]
[Site "Mecklenburg-Vorpommern"]
[Date "2017.04.23"]
[Round "9.5"]
[White "Schulz, Wolf Detlef"]
[Black "Schmekel, Felix"]
[Result "1-0"]
[WhiteElo "1723"]
[BlackElo "1641"]
[PlyCount "51"]
[EventDate "2016.11.06"]
[EventType "team-tourn"]
[EventRounds "9"]
[SourceDate "2016.10.16"]
[WhiteTeam "SSC Graal-Mueritz"]
[BlackTeam "SAV Torgelow-Droegeheide II"]

1. e4 c5 2. Nc3 Nc6 3. f4 g6 4. Nf3 Bg7 5. Bc4 e6 6. O-O Nge7 7. d3 O-O 8. Qe1
a6 9. a4 b6 10. Qh4 Nd4 11. Ng5 h6 12. Nf3 Nxc2 13. Rb1 Nc6 14. Qg3 N2d4 15.
Nh4 Ne7 16. f5 exf5 17. Nxg6 Nxg6 18. Qxg6 Qh4 19. Qxb6 Nf3+ 20. gxf3 Bd4+ 21.
Kh1 Kh7 22. Qd6 Rg8 23. Bxf7 Rg7 24. Bd5 Qh3 25. Qxh6+ Qxh6 26. Bxh6 1-0

[Event "1617LLO"]
[Site "Mecklenburg-Vorpommern"]
[Date "2017.04.23"]
[Round "9.6"]
[White "Greinert, Timo"]
[Black "Micheel, Peter"]
[Result "1-0"]
[WhiteElo "1805"]
[BlackElo "1697"]
[PlyCount "79"]
[EventDate "2016.11.06"]
[EventType "team-tourn"]
[EventRounds "9"]
[SourceDate "2016.10.16"]
[WhiteTeam "SAV Torgelow-Droegeheide II"]
[BlackTeam "SSC Graal-Mueritz"]

1. c4 e5 2. Nc3 Nf6 3. g3 Nc6 4. Bg2 Bb4 5. e3 Bxc3 6. bxc3 O-O 7. Ne2 d6 8.
O-O Bf5 9. d3 Re8 10. Rb1 Qc8 11. e4 Bh3 12. f4 Bxg2 13. Kxg2 a5 14. f5 Nd7 15.
g4 f6 16. Rf3 Ne7 17. Ng3 c6 18. Be3 Rb8 19. Qb3 c5 20. h4 Nc6 21. Qc2 Qc7 22.
g5 Na7 23. Nh5 b5 24. cxb5 Nxb5 25. a4 Na3 26. Qa2+ Kf8 27. Rxb8 Qxb8 28. Qxa3
Qb1 29. Bd2 Rb8 30. Qc1 Qa2 31. Rf1 Qxa4 32. Kf3 Qb5 33. c4 Qb3 34. Qc3 Qxc3
35. Bxc3 a4 36. Ke3 Rb3 37. Kd2 g6 38. fxg6 hxg6 39. Nxf6 Nxf6 40. Rxf6+ 1-0

[Event "1617LLO"]
[Site "Mecklenburg-Vorpommern"]
[Date "2017.04.23"]
[Round "9.8"]
[White "Plock, Joerg"]
[Black "Kraemer, Lothar"]
[Result "1/2-1/2"]
[WhiteElo "1621"]
[BlackElo "1153"]
[PlyCount "40"]
[EventDate "2016.11.06"]
[EventType "team-tourn"]
[EventRounds "9"]
[SourceDate "2016.10.16"]
[WhiteTeam "SAV Torgelow-Droegeheide II"]
[BlackTeam "SSC Graal-Mueritz"]

1. d4 Nf6 2. c4 e5 3. d5 Bc5 4. e3 O-O 5. Nc3 c6 6. Bd3 Bb4 7. e4 Bxc3+ 8. bxc3
d6 9. Ne2 Ng4 10. h3 Nf6 11. O-O Nh5 12. f4 exf4 13. Bxf4 Nxf4 14. Nxf4 Nd7 15.
Rb1 Ne5 16. Rb2 Qg5 17. Rbf2 c5 18. Qe2 Rb8 19. Rb1 Qg3 20. Bc2 b6 1/2-1/2

[Event "1617LLO"]
[Site "Mecklenburg-Vorpommern"]
[Date "2017.04.23"]
[Round "9.2"]
[White "Leisner, Ekkehardt"]
[Black "Manke, Karsten"]
[Result "1/2-1/2"]
[WhiteElo "1713"]
[BlackElo "1746"]
[PlyCount "25"]
[EventDate "2016.11.06"]
[EventType "team-tourn"]
[EventRounds "9"]
[SourceDate "2016.10.16"]
[WhiteTeam "SG Neubrandenburg II"]
[BlackTeam "FHSG Stralsund II"]

1. c4 e6 2. Nf3 Nf6 3. e3 d5 4. Be2 c6 5. b3 Bd6 6. Bb2 Nbd7 7. O-O O-O 8. d4
Ne4 9. Nbd2 f5 10. Ne5 Ndf6 11. Ndf3 Bd7 12. a3 a5 13. Bd3 1/2-1/2

[Event "1617LLO"]
[Site "Mecklenburg-Vorpommern"]
[Date "2017.04.23"]
[Round "9.3"]
[White "Vlach, Michael"]
[Black "Lange, Ingo"]
[Result "1/2-1/2"]
[WhiteElo "1583"]
[BlackElo "1729"]
[PlyCount "104"]
[EventDate "2016.11.06"]
[EventType "team-tourn"]
[EventRounds "9"]
[SourceDate "2016.10.16"]
[WhiteTeam "FHSG Stralsund II"]
[BlackTeam "SG Neubrandenburg II"]

1. Nf3 Nf6 2. c4 c6 3. Nc3 d5 4. cxd5 cxd5 5. d4 Nc6 6. h3 g6 7. Bg5 Bg7 8. e3
O-O 9. a3 h6 10. Bf4 a6 11. Bd3 Bd7 12. O-O Qc8 13. Kh2 Bf5 14. Bxf5 Qxf5 15.
g4 Qe6 16. Ne5 Rac8 17. Rc1 Nh7 18. Nxc6 Rxc6 19. Qb3 Rb6 20. Qxd5 Rxb2 21. Rb1
Rc2 22. Qxe6 fxe6 23. Na4 g5 24. Bg3 b5 25. Nc5 Rf3 26. Kg2 Rxe3 27. Rfe1 Bxd4
28. Rxe3 Bxe3 29. Nxa6 Nf6 30. Kf3 Bd4 31. Rb3 Rc3+ 32. Rxc3 Bxc3 33. Nc5 Kf7
34. a4 b4 35. a5 Bd4 36. Nb3 Ba7 37. Ke2 Ke8 38. f3 Kd7 39. Kd3 Kc6 40. Kc4 Nd5
41. h4 Be3 42. hxg5 hxg5 43. Be1 e5 44. Nd2 e6 45. Ne4 Kb7 46. Bxb4 Ka6 47.
Nc5+ Bxc5 48. Kxc5 Ne7 49. Kd6 Ng6 50. Bd2 Nh4 51. Bxg5 Nxf3 52. Be3 Kxa5
1/2-1/2

[Event "1617LLO"]
[Site "Mecklenburg-Vorpommern"]
[Date "2017.04.23"]
[Round "9.4"]
[White "Buenz, Heinrich"]
[Black "Klinger, Clemens"]
[Result "1-0"]
[WhiteElo "1638"]
[BlackElo "1566"]
[PlyCount "82"]
[EventDate "2016.11.06"]
[EventType "team-tourn"]
[EventRounds "9"]
[SourceDate "2016.10.16"]
[WhiteTeam "SG Neubrandenburg II"]
[BlackTeam "FHSG Stralsund II"]

1. Nf3 d5 2. g3 Nc6 3. Bg2 e5 4. d3 Nf6 5. O-O Be7 6. Nbd2 O-O 7. c4 d4 8. Ng5
Ng4 9. Ngf3 f5 10. a3 a5 11. h3 Nf6 12. Nh2 Kh8 13. b3 Rb8 14. Bb2 Qe8 15. Rc1
Bc5 16. Qc2 Qg6 17. Nhf3 Bd7 18. Nh4 Qf7 19. Bd5 Qh5 20. Kg2 g5 21. Nhf3 Bd6
22. Nh2 Ne7 (22... Nxd5 23. cxd5 Ne7 $19) 23. Bf3 g4 24. hxg4 fxg4 25. Be4 Qh3+
26. Kh1 Nxe4 27. Nxe4 Nf5 28. Rg1 Bc6 29. Rg2 Be7 30. Kg1 Bg5 31. Rf1 Be3 (
31... Ne3 $3 32. fxe3 Bxe3+ 33. Rff2 Rxf2 34. Rxf2 Bxe4 35. dxe4 Rf8 36. Nxg4
Bxf2+ 37. Nxf2 Qxg3+ 38. Kh1 Rxf2 39. Bc1 Rf1#) 32. Bc1 Nxg3 33. Bxe3 Nxf1 34.
Nxf1 dxe3 35. Nxe3 Bxe4 36. Rh2 Qxh2+ (36... Rxf2 $3 37. Rxh3 gxh3 38. Kxf2 h2)
37. Kxh2 Bf5 38. Kg3 h5 39. Qc3 Rbe8 40. Qxa5 b6 41. Qb5 Kg7 $2 1-0

[Event "1617LLO"]
[Site "Mecklenburg-Vorpommern"]
[Date "2017.04.23"]
[Round "9.5"]
[White "Boettner, Oliver"]
[Black "Friedrich, Joerg"]
[Result "1-0"]
[WhiteElo "1412"]
[BlackElo "1599"]
[PlyCount "81"]
[EventDate "2016.11.06"]
[EventType "team-tourn"]
[EventRounds "9"]
[SourceDate "2016.10.16"]
[WhiteTeam "FHSG Stralsund II"]
[BlackTeam "SG Neubrandenburg II"]

1. e4 c5 2. Nf3 Nc6 3. c3 d5 4. exd5 Qxd5 5. Be2 e5 6. d3 h6 7. O-O Be7 8. Be3
f5 9. Re1 f4 10. Bd2 Bf5 11. c4 Qd7 12. Bc3 Bf6 13. Bxe5 Nxe5 14. Nxe5 Qd4 15.
Bf3 Bxe5 16. Qe2 O-O-O 17. Qxe5 Qxe5 18. Rxe5 Bxd3 19. Rxc5+ Kb8 20. Nc3 Nf6
21. b3 a6 22. Re5 Rhf8 23. Re7 g5 24. Rxb7+ Kc8 25. Rb6 g4 26. Bc6 Nd7 27.
Bxd7+ Rxd7 28. Rxa6 Kb7 29. Rxh6 Re8 30. Nd5 Rf7 31. Rf6 Rh7 32. Nxf4 Reh8 33.
h3 Be4 34. Re1 Bc6 35. Ng6 gxh3 36. Rxc6 Rg8 37. Re7+ Rxe7 38. Nxe7 Rxg2+ 39.
Kf1 Rg7 40. Rh6 Rxe7 41. Rxh3 1-0

[Event "1617LLO"]
[Site "Mecklenburg-Vorpommern"]
[Date "2017.04.23"]
[Round "9.6"]
[White "Sommer, Hans Hermann"]
[Black "Jabbusch, Burkhard"]
[Result "1-0"]
[WhiteElo "1639"]
[BlackElo "1587"]
[PlyCount "31"]
[EventDate "2016.11.06"]
[EventType "team-tourn"]
[EventRounds "9"]
[SourceDate "2016.10.16"]
[WhiteTeam "SG Neubrandenburg II"]
[BlackTeam "FHSG Stralsund II"]

1. e4 c5 2. d4 cxd4 3. c3 dxc3 4. Nxc3 Nc6 5. Nf3 d6 6. Bc4 e6 7. O-O Be7 8.
Qe2 Nf6 9. Rd1 e5 10. h3 a6 11. Be3 b5 12. Bd5 Qc7 13. Rac1 Bd7 14. Bxc6 Bxc6
15. Nd5 Qb7 16. Rxc6 1-0

[Event "1617LLO"]
[Site "Mecklenburg-Vorpommern"]
[Date "2017.04.23"]
[Round "9.8"]
[White "Schulz, Daniel"]
[Black "Isigkeit, Hans Juergen"]
[Result "1/2-1/2"]
[WhiteElo "1589"]
[BlackElo "1518"]
[PlyCount "34"]
[EventDate "2016.11.06"]
[EventType "team-tourn"]
[EventRounds "9"]
[SourceDate "2016.10.16"]
[WhiteTeam "SG Neubrandenburg II"]
[BlackTeam "FHSG Stralsund II"]

1. e4 c5 2. c3 Nc6 3. d4 cxd4 4. cxd4 e6 5. Nf3 d6 6. Nc3 Nf6 7. Be2 Be7 8. O-O
O-O 9. Bf4 Nxd4 10. Qxd4 e5 11. Nxe5 dxe5 12. Qxe5 Re8 13. Rfd1 Qb6 14. Bb5 Ng4
15. Qc7 Qxf2+ 16. Kh1 Rf8 17. Bg3 Qc5 1/2-1/2

[Event "1617LLO"]
[Site "Mecklenburg-Vorpommern"]
[Date "2017.04.23"]
[Round "9.1"]
[White "Lange, Jannis"]
[Black "Hodl, Ingolf"]
[Result "0-1"]
[WhiteElo "1778"]
[BlackElo "1891"]
[PlyCount "98"]
[EventDate "2016.11.06"]
[EventType "team-tourn"]
[EventRounds "9"]
[SourceDate "2016.10.16"]
[WhiteTeam "Motor Wolgast"]
[BlackTeam "SSC Rostock III"]

1. Nf3 Nf6 2. g3 g6 3. Bg2 Bg7 4. O-O O-O 5. d3 d5 6. Nbd2 Nc6 7. e4 d4 8. Qe2
e5 9. Nc4 Ne8 10. c3 b5 11. Ncd2 dxc3 12. bxc3 a5 13. a3 Ba6 14. Nb3 Qd6 15.
Be3 b4 16. Rfd1 bxc3 17. Bc5 Qe6 18. Qc2 Nd6 19. Nc1 Rfb8 20. Qxc3 Nb5 21. Qd2
Rd8 22. Ne2 Nd6 23. Nc3 Nb7 24. Qe3 Nd4 25. Nd5 Nxc5 26. Nxc7 Qc6 27. Nxa8 Nc2
28. Qg5 f6 29. Qd2 Nxa1 30. Rxa1 Nb3 31. Qa2 a4 32. Ne1 Qxa8 33. Rd1 Qc6 34.
Bf1 Rd4 35. Nc2 Rd8 36. Nb4 Qe6 37. Qe2 Nd4 38. Qe3 Bb5 39. Rc1 Rc8 40. Rxc8+
Qxc8 41. Nd5 Kf7 42. Kg2 Qc5 43. g4 Ne6 44. Qg3 Bh6 45. Qh4 Bg7 46. Qg3 Qxa3
47. h4 Qc1 48. g5 fxg5 49. Qg4 h5 0-1

[Event "1617LLO"]
[Site "Mecklenburg-Vorpommern"]
[Date "2017.04.23"]
[Round "9.3"]
[White "Reinke, Thomas"]
[Black "Wurst, Maximilian"]
[Result "1-0"]
[WhiteElo "1876"]
[BlackElo "1659"]
[PlyCount "63"]
[EventDate "2016.11.06"]
[EventType "team-tourn"]
[EventRounds "9"]
[SourceDate "2016.10.16"]
[WhiteTeam "Motor Wolgast"]
[BlackTeam "SSC Rostock III"]

1. e4 e5 2. Nc3 Nc6 3. Bc4 Nf6 4. d3 h6 5. Nge2 Bc5 6. h3 d6 7. Na4 Bb6 8. Nxb6
axb6 9. a3 O-O 10. O-O Qe7 11. f4 Be6 12. Bxe6 fxe6 13. Be3 exf4 14. Nxf4 Qe8
15. Qd2 Kh7 16. g4 e5 17. Ng2 Ne7 18. Nh4 Rg8 19. Rf3 Rf8 20. Raf1 Neg8 21. Kh2
Rd8 22. Nf5 Qg6 23. g5 hxg5 24. Bxg5 Rd7 25. Rg1 Qh5 26. Rfg3 Rdf7 27. Qg2 Kh8
28. Bxf6 Nxf6 29. Nxg7 Qh7 30. Nf5 d5 31. Rg6 d4 32. Rh6 1-0

[Event "1617LLO"]
[Site "Mecklenburg-Vorpommern"]
[Date "2017.04.23"]
[Round "9.4"]
[White "Wegner, Michael"]
[Black "Riebort, Frank"]
[Result "0-1"]
[WhiteElo "1604"]
[BlackElo "1878"]
[PlyCount "105"]
[EventDate "2016.11.06"]
[EventType "team-tourn"]
[EventRounds "9"]
[SourceDate "2016.10.16"]
[WhiteTeam "SSC Rostock III"]
[BlackTeam "Motor Wolgast"]

1. e4 d6 2. Nc3 g6 3. Nf3 Bg7 4. Be2 Nc6 5. O-O Nf6 6. d3 O-O 7. Bg5 e5 8. Qc1
Be6 9. Bd1 Qd7 10. Ne2 d5 11. exd5 Nxd5 12. Bh6 f6 13. Bxg7 Kxg7 14. a3 Bg4 15.
Nd2 Bxe2 16. Bxe2 Nd4 17. Qd1 Nf4 18. Bf3 c6 19. g3 Nh3+ 20. Kh1 Ng5 21. Bg2
Rae8 22. f4 exf4 23. Rxf4 f5 24. Rc1 Ne2 25. Rf2 Nxc1 26. Qxc1 Qd4 27. Rf1 Qe3
28. b4 Rf6 29. Qd1 Qe2 30. Qc1 Nf7 31. Nf3 Qe7 32. Qa1 Kg8 33. Re1 Re6 34. Rf1
Ng5 35. Nxg5 Qxg5 36. b5 Qf6 37. Qa2 Kg7 38. bxc6 bxc6 39. Qb1 Qc3 40. h4 Re1
41. Qb3 Rxf1+ 42. Bxf1 Qxb3 43. cxb3 Re1 44. Kg1 Ra1 45. d4 Rd1 46. Kf2 Rxd4
47. Be2 Kf6 48. Ke3 Ke5 49. Bf3 c5 50. Be2 h6 51. Bc4 f4+ 52. gxf4+ Rxf4 53. h5
0-1

[Event "1617LLO"]
[Site "Mecklenburg-Vorpommern"]
[Date "2017.04.23"]
[Round "9.5"]
[White "Rosin, Ralf"]
[Black "Worm, Alfred"]
[Result "1/2-1/2"]
[WhiteElo "1755"]
[BlackElo "1591"]
[PlyCount "44"]
[EventDate "2016.11.06"]
[EventType "team-tourn"]
[EventRounds "9"]
[SourceDate "2016.10.16"]
[WhiteTeam "Motor Wolgast"]
[BlackTeam "SSC Rostock III"]

1. d4 Nf6 2. Nf3 Nc6 3. c4 e6 4. Nc3 d5 5. e3 Be7 6. cxd5 exd5 7. Bb5 O-O 8.
Bxc6 bxc6 9. Ne5 Qd6 10. Bd2 Ba6 11. Rc1 c5 12. Nf3 Ne4 13. Qc2 f5 14. a4 c6
15. Na2 Qg6 16. Rg1 Qe6 17. b4 c4 18. Ne5 Rab8 19. Rb1 Bf6 20. f4 g5 21. Nc3
Be7 22. Nxe4 fxe4 1/2-1/2

[Event "1617LLO"]
[Site "Mecklenburg-Vorpommern"]
[Date "2017.04.23"]
[Round "9.6"]
[White "Raitza, Egon"]
[Black "Klotzsche, Stefan"]
[Result "0-1"]
[WhiteElo "1559"]
[BlackElo "1753"]
[PlyCount "88"]
[EventDate "2016.11.06"]
[EventType "team-tourn"]
[EventRounds "9"]
[SourceDate "2016.10.16"]
[WhiteTeam "SSC Rostock III"]
[BlackTeam "Motor Wolgast"]

1. d4 g6 2. c4 f5 3. g3 Nf6 4. Bg2 Bg7 5. Nc3 d6 6. e4 c6 7. e5 dxe5 8. dxe5
Qxd1+ 9. Kxd1 Ng4 10. f4 Nf2+ 11. Ke2 Nxh1 12. Bxh1 O-O 13. Be3 Be6 14. b3 h6
15. Nf3 Nd7 16. Rc1 Rfd8 17. Nd4 Nc5 18. Nxc6 Nxb3 19. Nxe7+ Kf7 20. axb3 Kxe7
21. Nb5 Rd7 22. Bc5+ Kd8 23. Bxa7 Bf8 24. Ra1 Kc8 25. Rd1 Rxd1 26. Kxd1 Bd7 27.
Bd4 Bxb5 28. cxb5 Ra2 29. h4 Bb4 30. Kc1 Rd2 31. Bb6 Rd3 32. Kc2 Rxg3 33. Bd5
Be7 34. h5 gxh5 35. Be6+ Kb8 36. Bxf5 h4 37. Be4 Rg4 38. Be3 b6 39. Bc6 Kc7 40.
f5 Bg5 41. Bxg5 Rxg5 42. e6 Kd6 43. Kd3 Rxf5 44. Ke4 Rf1 0-1